| 000 | 00634cam a2200253 4500 | ||
|---|---|---|---|
| 008 | 090401t1993 xxu||||| |||| 00| 0 eng d | ||
| 020 | _a0415056896 | ||
| 035 | _a(Sirsi) u1331 | ||
| 041 | _aeng | ||
| 050 | _a306.1 | ||
| 245 | 4 | _aThe new housing shortage: housing affordability in Europe and the USA. | |
| 260 |
_aLondon _bRoutledge _c1993 |
||
| 300 | _axvi,270p. ; 22cm. | ||
| 350 | _a45 | ||
| 650 | _aFRANCE | ||
| 650 | _aGERMANY | ||
| 650 | _aHOUSING SHORTAGE | ||
| 650 | _aNETHERLANDS | ||
| 650 | _aUNITED STATES | ||
| 690 | _aHOUSING | ||
| 700 |
_aHallett, Graham _xEditor |
||
| 942 | _n0 | ||
| 948 | _c04/03/1997 | ||
| 999 |
_c85657 _d85657 |
||